En busca de lo real: la visión de un físico
Uloženo v:
| Hlavní autor: | |
|---|---|
| Médium: | Kniha |
| Jazyk: | španělština |
| Vydáno: |
Madrid
Alianza
1983
|
| Edice: | Alianza universidad, 351
|
| Témata: | |
| Tagy: |
Přidat tag
Žádné tagy, Buďte první, kdo vytvoří štítek k tomuto záznamu!
|
MARC
| LEADER | 00000nam a2200000 a 4500 | ||
|---|---|---|---|
| 001 | UCX6459 | ||
| 003 | CL-VaPUC | ||
| 008 | 930616e19830000SP |||||||||||||||||spa|d | ||
| 082 | 0 | 4 | |a 501 |b ESP |2 21 |
| 100 | 0 | |a Espagnat, Bernard d' |e author |9 322939 | |
| 245 | 1 | 0 | |a En busca de lo real: la visión de un físico |
| 300 | |a 232 p | ||
| 942 | |c BK | ||
| 945 | |d 19930616 00:00:00 | ||
| 260 | |a Madrid |b Alianza |c 1983 | ||
| 650 | 0 | |a Filosofía de las ciencias |9 256466 | |
| 650 | 0 | |a Física |9 227844 | |
| 583 | |a last modification |c 20121001 10:31:39 |k Rodrigo Vera | ||
| 490 | 0 | |a Alianza universidad, 351 | |
| 999 | |c 226470 |d 226468 | ||
| 952 | |0 0 |1 0 |4 0 |6 501_000000000000000_ESP_1983 |7 0 |8 A |9 224838 |a BIBCUR |b BIBCUR |d 2019-11-15 |i 2935759 |o 501 ESP 1983 |p 2935759 |r 2025-04-22 |w 2019-11-15 |y BK |k FIS | ||
| 952 | |0 0 |1 0 |4 0 |6 501_000000000000000_ESP_1983 |7 0 |8 A |9 224839 |a BIBCUR |b BIBCUR |d 2019-11-15 |i 452862K |o 501 ESP 1983 |p 452862K |r 2025-04-22 |w 2019-11-15 |y BK |k FIS | ||